000 00637cam a2200145ua 4500
041 _aeng
_h
082 _a338.642
_bIND/CO
110 1 _aindo american technical coperation program .
_b
_c()
245 _acottage and small industries in india /
_cindo american technical coperation program.
_hTextual Documents
260 _a :
_bI.A.T.C.P ,
_c1953.
300 _a23 ; .
504 _a
942 _cBK
999 _c12081
_d12081